| 000 -LEADER | |
|---|---|
| fixed length control field | 00397nam a22001577a 4500 |
| 005 - DATE AND TIME OF LATEST TRANSACTION | |
| control field | 20200314113121.0 |
| 008 - FIXED-LENGTH DATA ELEMENTS--GENERAL INFORMATION | |
| fixed length control field | 200314b xxu||||| |||| 00| 0 eng d |
| 020 ## - INTERNATIONAL STANDARD BOOK NUMBER | |
| ISBN | 978-93-5140-535-1 |
| 041 ## - LANGUAGE CODE | |
| Language code of text/sound track or separate title | eng |
| 100 ## - MAIN ENTRY--AUTHOR NAME | |
| Personal name | GUPTA, M. K. |
| 245 ## - TITLE STATEMENT | |
| Title | GPAT- GRADUATE PHARMACY APTITUDE TEST |
| 260 ## - PUBLICATION, DISTRIBUTION, ETC. (IMPRINT) | |
| Place of publication | MEERUT |
| Name of publisher | PRAGATI PRAKASHAN |
| 300 ## - PHYSICAL DESCRIPTION | |
| Number of Pages | 960p;xxvi, |
| 650 ## - SUBJECT ADDED ENTRY--TOPICAL TERM | |
| Topical Term | PHARMACY |
| 942 ## - ADDED ENTRY ELEMENTS (KOHA) | |
| Koha item type | Books |
| Lost status | Damaged status | Collection code | Home library | Current library | Shelving location | Date acquired | Source of acquisition | Cost, normal purchase price | Accession Number | Koha item type |
|---|---|---|---|---|---|---|---|---|---|---|
| Reference | JRU Library | JRU Library | SHELF -11-B | 14/03/2020 | PURCHESS | 900.00 | 24184 | Books | ||
| PHARMACY | JRU Library | JRU Library | Shelf - 26- F | 14/03/2020 | PURCHESS | 900.00 | 24185 | Books | ||
| PHARMACY | JRU Library | JRU Library | Shelf - 26- F | 14/03/2020 | PURCHESS | 900.00 | 24186 | Books | ||
| PHARMACY | JRU Library | JRU Library | Shelf - 26- F | 14/03/2020 | PURCHESS | 900.00 | 24187 | Books | ||
| PHARMACY | JRU Library | JRU Library | Shelf - 26- F | 14/03/2020 | PURCHESS | 900.00 | 24188 | Books |